Elements of hydraulic engineering /

Bibliographic Details
Main Author: Ellis, Douglas Stewart, 1885-
Format: Book
Language:English
Published: New York : D. Van Nostrand company, inc., [1947]
Subjects:

MARC

Tag First Indicator Second Indicator Subfields
LEADER 00000cam a2200000 4500
001 in00000023544
005 20151007064458.0
008 750916s1947 nyu 00010 eng
010 |a  47001153  
035 |a (OCoLC)01629415 
035 |9 AAD9926AM 
040 |a DLC  |c FQG  |d TXA  |d UtOrBLW 
049 |a TXAM] 3 [231904] 
050 0 0 |a TC145  |b .E57 
082 0 |a 532.5 
092 |a 532.5  |b E47e 
100 1 |a Ellis, Douglas Stewart,  |d 1885- 
245 1 0 |a Elements of hydraulic engineering /  |c by D.S. Ellis ... 
264 1 |a New York :  |b D. Van Nostrand company, inc.,  |c [1947] 
300 |a x, 277 pages :  |b illustrations, diagrams ;  |c 23 cm. 
336 |a text  |b txt  |2 rdacontent 
337 |a unmediated  |b n  |2 rdamedia 
338 |a volume  |b nc  |2 rdacarrier 
650 0 |a Hydraulic engineering. 
999 |a MARS 
999 f f |s a06f325f-602b-3aac-a829-de2463b9e999  |i 57b08c3d-b0a8-31e9-9879-005a1738f27c  |t 0 
952 f f |p ric  |a Texas A&M University  |b Rellis Campus  |c Joint Library Facility  |d Remote Storage  |t 0  |e TC145 .E57  |h Library of Congress classification  |i unmediated -- volume  |m A14811026668 
998 f f |a TC145 .E57  |t 0  |l Remote Storage